Tales of the alhambra/Washinton Inving (Registro nro. 19263)

Detalles MARC
000 -LEADER
fixed length control field 00531nam a22001931a 4500
001 - CONTROL NUMBER
control field 19263
003 - CONTROL NUMBER IDENTIFIER
control field OSt
005 - DATE AND TIME OF LATEST TRANSACTION
control field 20260204212446.0
008 - FIXED-LENGTH DATA ELEMENTS--GENERAL INFORMATION
fixed length control field 190402s2016||||sp ||||||b||||||||||spa||
020 ## - NUMERO DE LIBRO INTERNACIONAL NORMALIZADO
International Standard Book Number 9788494543814
082 ## - DEWEY DECIMAL CLASSIFICATION NUMBER
Classification number 813.3 W317t
100 ## - ASIENTO PRINCIPAL -- NOMBRE PERSONAL
Personal name Irving, Washinton
245 ## - TÍTULO PROPIAMENTE DICHO: SUBTÍTULO
Title Tales of the alhambra/Washinton Inving
264 ## - PRODUCTION, PUBLICATION, DISTRIBUTION, MANUFACTURE, AND COPYRIGHT NOTICE
Place of production, publication, distribution, manufacture Barcelona,España : Plutón
300 ## - PHYSICAL DESCRIPTION
Extensión 251 páginas
500 ## - GENERAL NOTE
General note English Classics Collection
650 ## - ASIENTO SECUNDARIO DE MATERIA -- TERMINO TEMÁTICO
Termino Temático Como Elemento de Entrada 1.Literatura estadounidense 2. Cuentos estadounidenseÌ
942 ## - ADDED ENTRY ELEMENTS (KOHA)
Source of classification or shelving scheme Dewey Decimal Classification
Koha item type Libros
Existencias
Withdrawn status Lost status Source of classification or shelving scheme Damaged status Not for loan Current library Date acquired Total Checkouts Full call number Barcode Date last seen Price effective from Koha item type
    Dewey Decimal Classification     Biblioteca UTECO 09/09/2019   813.3 W317T 018734 09/09/2019 09/09/2019 Libros
    Dewey Decimal Classification     Biblioteca UTECO 09/09/2019   813.3 W317T 018735 09/09/2019 09/09/2019 Libros
    Dewey Decimal Classification     Biblioteca UTECO 09/09/2019   813.3 W317T 018736 09/09/2019 09/09/2019 Libros
    Dewey Decimal Classification     Biblioteca UTECO 09/09/2019   813.3 W317T 019303 09/09/2019 09/09/2019 Libros
© 2021 Derechos Reservados UTECO - Teléfono: +1 809-585-2291 - Correo electrónico: biblioteca@uteco.edu.do​  
Código postal 43000 ​​
Dirección: Avenida Universitaria No. 100, 
Cotuí, Provincia Sánchez Ramírez, República Dominicana - RNC: 404-00059-6